000 00744nam a2200217 a 4500
008 960124s1965||||[C 0 slo c
040 _aSNK
_bslo
_cSNK
_eAACR2
041 1 _aslo
044 _axo
_cSK
080 _a92 Andraščík, J.+885.4-2 Andraščík, J.
080 _a885.4-2 Andraščík, J.
100 1 _aSedlák, Imrich
_4aut
245 1 0 _aJán Andraščík
_cImrich Sedlák
250 _a1. vyd.
260 _aKošice
_bVýchodoslov. vydav.
_c1965
_eS.l.Východoslov. tlač.
_fVýchodoslov. tlač.
300 _a79, [3] s.
_c
500 _aLit. Bibl. Pozn. k text. úprave. Odkazy na lit. Fot. Frontispice. Slovník menej známych slov. Reg. mien.
600 1 _aAndraščík, Ján - o ňom>
_2SNK
020 _c10
958 _aA
999 _c15110
_d15110